000
00334nam a2200145Ia 4500
008
200103s9999||||xx |||||||||||||| ||und||
020
_a
9780330298094
040
_a
IMU-MPC
082
_a
Column-60
100
_a
Adir, John
245
0
_a
Effective Teambuilding
260
_b
Rupa Company
_c
1996
300
_a
viii, 212
942
_c
BK
999
_c
10905
_d
10905